[Event "National Chess Congress"]
[Site "Philadelphia USA"]
[Date "1999.11.28"]
[Round "6"]
[White "Kaufman,La"]
[Black "Benjamin,Joe"]
[Result "0-1"]
[WhiteElo "2427"]
[BlackElo "2579"]

1.d4 d6 2.e4 Nf6 3.f3 e5 4.dxe5 dxe5 5.Qxd8+ Kxd8 6.Bc4 Ke8 7.Be3 Nbd7 8.Ne2 a5
9.a4 Bc5 10.Kf2 Ke7 11.Nd2 Bxe3+ 12.Kxe3 Rd8 13.Rhd1 Nb6 14.Bb3 Nfd7 15.Nc4 Nxc4+
16.Bxc4 Nb6 17.Bb3 Rxd1 18.Rxd1 c5 19.c3 Bd7 20.Ra1 Rd8 21.h4 f6 22.g4 Be6
23.Bxe6 Kxe6 24.b3 c4 25.b4 axb4 26.a5 Nc8 27.cxb4 Rd3+ 28.Kf2 Nd6 29.a6 bxa6
30.Rxa6 Rb3 31.Ra7 Nb5 32.Rxg7 Nd4 33.Nxd4+ exd4 34.Rxh7 Rb2+ 35.Ke1 c3 36.Rc7 Ke5
37.g5 fxg5 38.hxg5 Kf4 39.Kd1 Ke3 40.g6 Rg2 41.Kc1 Kd3 42.Kb1 Kd2 43.f4 Rxg6
44.f5 Rg1+ 45.Ka2 c2 46.f6 c1=Q 47.Rxc1 Kxc1 48.e5 Rf1 49.b5 d3  0-1

[Event "Oz.com qualifier blitz"]
[Site "Internet ICC"]
[Date "2000.03.05"]
[Round "2"]
[White "Filgueira,H"]
[Black "Benjamin,Joe"]
[Result "0-1"]
[WhiteElo "2395"]
[BlackElo "2591"]

1.d4 Nf6 2.c4 e6 3.Nf3 Bb4+ 4.Nbd2 d6 5.g3 Nc6 6.Bg2 e5 7.d5 Bxd2+ 8.Nxd2 Nb8
9.O-O O-O 10.b3 a5 11.Bb2 Na6 12.Qc2 Ng4 13.h3 Nh6 14.e3 f5 15.f4 Nf7 16.Qc3 Nc5
17.Kh2 Bd7 18.Rae1 Qf6 19.fxe5 Nxe5 20.Re2 Qh6 21.Kg1 b6 22.Rf4 Rae8 23.Rh4 Qg5
24.Kh2 Rf7 25.Qd4 h6 26.Rf4 Ned3 27.Rf3 Nxb2 28.Qxb2 Rfe7 29.Qd4 Re5 30.a3 Ne4
31.Nxe4 Rxe4 32.Qd2 R4e5 33.b4 axb4 34.axb4 R8e7 35.Rf4 Be8 36.Bf3 Qf6 37.Rd4 Qg5
38.Rf4 Qf6 39.Rd4 g5 40.Kg2 Kg7 41.Kh2 Bg6 42.Kg2 Kh7 43.Kh2 Qg7 44.h4 Qf6
45.hxg5 hxg5 46.Kg1 Kg7 47.Kf2 Re8 48.Kg1 R5e7 49.Kf2 Qe5 50.Rd3 Qf6 51.Ra3 Rh8
52.Qc3 Re5 53.Ra7 Qe7 54.Kg1 Kf7 55.Raa2 Rh3 56.Qe1 Qe8 57.Bg2 Rh6 58.Ra7 Qe7
59.Bf3 Rh7 60.Ra3 Kf6 61.Qc3 Qg7 62.Raa2 Rh3 63.Qe1 Qe7 64.Bg2 Rh8 65.c5 bxc5
66.bxc5 Bh5 67.cxd6 cxd6 68.Qf2 Bxe2 69.Rxe2 Re8 70.e4 Kg7 71.Ra2 fxe4 72.Ra7 e3
73.Rxe7+ R8xe7 74.Qe1 e2 75.Bf3 Re3 76.Kf2 R7e5 77.g4 Kf6 78.Kg2 Kg7 79.Kf2 Kf7
80.Kg2 Kf6 81.Kf2 Kg7 82.Kg2 Rd3 83.Bxe2 Rde3 84.Qa1 Rxe2+ 85.Kf3 Kf7 86.Qa7+ Kf6
87.Qa1 Re3+ 88.Kf2 Re2+ 89.Kf3 Re3+ 90.Kf2 Re4 91.Kf3 Re2 92.Kg3 Kf7 93.Qa7+ Re7  0-1

[Event "Oz.com qualifier blitz"]
[Site "Internet ICC"]
[Date "2000.03.05"]
[Round "4"]
[White "Summerscale,A"]
[Black "Benjamin,Joe"]
[Result "1-0"]
[WhiteElo "2430"]
[BlackElo "2591"]

1.d4 d6 2.Nf3 Bg4 3.e4 Nf6 4.Nc3 e6 5.h3 Bh5 6.Qe2 c6 7.g4 Bg6 8.Bg5 Nbd7
9.O-O-O Qa5 10.Bg2 d5 11.Bxf6 Nxf6 12.exd5 Nxd5 13.Nxd5 cxd5 14.Ne5 Bd6 15.Nxg6 hxg6
16.Kb1 O-O-O 17.c4 dxc4 18.Qxc4+ Kb8 19.Qb3 Qb4 20.Qf3 Rd7 21.Rd3 Qa5 22.Rb3 Qa6
23.Rc1 Rc8 24.Rxc8+ Kxc8 25.a3 Rc7 26.h4 Kd8 27.h5 gxh5 28.gxh5 Ke7 29.Qe3 Qa5
30.d5 Qc5 31.Qg5+ Ke8 32.Qxg7 Qxf2 33.h6 Qe1+ 34.Ka2 Rc1 35.Rd3 Ra1+ 36.Kb3 Qa5
37.Qc3 Qxc3+ 38.Rxc3 Rb1 39.h7 Be5 40.h8=Q+ Bxh8 41.Rc8+ Kd7 42.Rxh8 exd5
43.Bxd5 b6 44.Bxf7 Rf1 45.Bc4 Rf3+ 46.Kb4 Kc6 47.Rh6+ Kc7 48.Rh7+ Kb8 49.Rb7+ Kxb7
50.Bd5+  1-0

[Event "Oz.com qualifier blitz"]
[Site "Internet ICC"]
[Date "2000.03.05"]
[Round "5"]
[White "Benjamin,Joe"]
[Black "Mikhailuk,S"]
[Result "1-0"]
[WhiteElo "2591"]
[BlackElo "2440"]

1.e4 c5 2.Nf3 d6 3.Bc4 Nf6 4.d3 g6 5.c3 Bg7 6.O-O O-O 7.Nbd2 d5 8.exd5 Nxd5
9.Ne4 b6 10.Qb3 Nc7 11.Bf4 Nc6 12.Rad1 Bg4 13.Neg5 e6 14.h3 Bxf3 15.Nxf3 Na5
16.Qa4 Qe7 17.a3 Nxc4 18.dxc4 Rfd8 19.Rxd8+ Rxd8 20.Qxa7 e5 21.Re1 f6 22.Qxb6 Ne6
23.Bg3 Rd6 24.Qb8+ Bf8 25.b4 Ra6 26.Qc8 Qd6 27.b5 Rxa3 28.Nxe5 fxe5 29.Rxe5 Qd1+
30.Kh2 Ng7 31.f3 Qd2 32.Rd5 Qe2 33.Rd8 Ne6 34.Re8 Rxc3 35.Rxe6 Qxc4 36.Rf6  1-0

[Event "Oz.com qualifier blitz"]
[Site "Internet ICC"]
[Date "2000.03.05"]
[Round "6"]
[White "Soppe,G"]
[Black "Benjamin,Joe"]
[Result "0-1"]
[WhiteElo "2466"]
[BlackElo "2591"]

1.d4 d6 2.c4 e5 3.Nf3 e4 4.Ng5 f5 5.Nh3 Be7 6.Nc3 c6 7.e3 Nf6 8.Nf4 O-O 9.Be2 Na6
10.Qb3 Nc7 11.O-O Kh8 12.Bd2 Rb8 13.d5 c5 14.a4 Qe8 15.Nb5 Nxb5 16.axb5 Ra8
17.Bc3 Qf7 18.h4 Ne8 19.g3 Bf6 20.Ra3 a6 21.Kg2 Be5 22.Rfa1 Nf6 23.bxa6 bxa6
24.Qb6 Qe7 25.Rb3 Ra7 26.Bxe5 dxe5 27.Ne6 Bxe6 28.Qxe6 Qxe6 29.dxe6 Rc8 30.Ra5 Kg8
31.Rb6 Kf8 32.Bd1 Ke7 33.Ba4 Rcc7 34.Raxa6 Rxa6 35.Rxa6 g6 36.Bb5 h6 37.Kf1 g5
38.hxg5 hxg5 39.Ke2 f4 40.gxf4 exf4 41.f3 g4 42.fxg4 f3+ 43.Kd2 Nxg4 44.Bc6 Nf6
45.Bd5 Rc8 46.Ra7+ Kd6 47.Rf7 Nxd5 48.cxd5 Kxd5 49.e7 Re8 50.Kc3 Kd6 51.Kc4 Rxe7
52.Rf6+ Ke5 53.Rf8 Re6 54.Rh8 Rb6 55.Rh5+ Kf6 56.Rh2 Kg5 57.Kd5 Rb4 58.Kxc5 Rb8
59.Kd5 Re8 60.b4 Kg4 61.Rh7 f2 62.Rf7 Kg3 63.b5 Kg2 64.Rg7+ Kf3 65.Rf7+ Kxe3
66.b6 Ke2  0-1

[Event "Oz.com qualifier blitz"]
[Site "Internet ICC"]
[Date "2000.03.05"]
[Round "7"]
[White "Benjamin,Joe"]
[Black "Kempinski,R"]
[Result "1/2-1/2"]
[WhiteElo "2591"]
[BlackElo "2528"]

1.e4 c5 2.Nf3 d6 3.d4 cxd4 4.Nxd4 Nf6 5.Nc3 a6 6.a4 e6 7.Be2 Be7 8.O-O Qc7
9.f4 Nc6 10.Be3 O-O 11.Kh1 Re8 12.Bf3 Na5 13.Bf2 e5 14.Nde2 exf4 15.Nxf4 Be6
16.Bd4 Nc4 17.Ncd5 Bxd5 18.Nxd5 Nxd5 19.exd5 Bg5 20.b3 Ne3 21.Bxe3 Rxe3 22.Be2 Rae8
23.Bd3 g6 24.Qg4 Qe7 25.h3 Qe5 26.Rad1 Kg7 27.Rf3 h5 28.Rxe3 Qxe3 29.Qf3 Bf4
30.Qxe3 Rxe3 31.Kg1 Bg3 32.Kf1 Re5 33.Be2 Rf5+ 34.Bf3 g5 35.Ke2 Re5+ 36.Kd3 Kg6
37.Rd2 f5 38.Re2 g4 39.hxg4 hxg4 40.Rxe5 dxe5 41.Be2 Bf2 42.d6 Kf6 43.Kc4 Ke6
44.d7 Kxd7 45.Kd5 Bd4 46.Bd3 f4 47.Bf5+ Kc7 48.Bxg4 Kb6 49.Kc4  1/2-1/2

[Event "Oz.com qualifier blitz"]
[Site "Internet ICC"]
[Date "2000.03.05"]
[Round "8"]
[White "Tyomkin,D"]
[Black "Benjamin,Joe"]
[Result "1-0"]
[WhiteElo "2516"]
[BlackElo "2591"]

1.e4 g6 2.d4 Bg7 3.Nf3 d6 4.Bc4 Nf6 5.Qe2 O-O 6.O-O c6 7.e5 dxe5 8.dxe5 Nd5
9.h3 e6 10.Bg5 Qb6 11.Bb3 h6 12.Bh4 a5 13.Nc3 Nxc3 14.bxc3 Qc5 15.a4 Nd7
16.Rfe1 Re8 17.Rad1 Qxc3 18.Rd3 Qc5 19.Re3 b5 20.Nd2 bxa4 21.Ne4 Qb4 22.Ba2 Ba6
23.Qd1 Nxe5 24.Nf6+ Bxf6 25.Bxf6 Nc4 26.Re4 Qc5 27.Qa1 Nd6 28.Bh8 e5 29.Rxe5 Rxe5
30.Rxe5 Qa7 31.Re7 Nf5 32.Rxa7 Rxa7 33.g4  1-0

[Event "US Amateur Team East"]
[Site "Parsippany, NJ USA"]
[Date "2000.03.19"]
[Round "2"]
[White "Johnson,EC"]
[Black "Benjamin,Joe"]
[Result "0-1"]
[WhiteElo "2098"]
[BlackElo "2591"]

1.d4 Nf6 2.c4 e6 3.Nc3 Bb4 4.e3 O-O 5.Ne2 d5 6.a3 Be7 7.Nf4 c6 8.Bd3 dxc4
9.Bxc4 Nbd7 10.Nd3 Qc7 11.O-O e5 12.d5 Nb6 13.Qb3 Rd8 14.dxc6 Nxc4 15.Qxc4 Be6
16.Qb5 bxc6 17.Qa6 Bc8 18.Qc4 a5 19.Nc5 Qa7 20.N3a4 Rd5 21.Ne4 Nxe4 22.Qxe4 Ba6
23.Re1 Bd3 24.Qf3 e4 25.Qh3 Qb7 26.Nc3 Rg5 27.f4 exf3 28.Qxf3 Rf5 29.Qh3 Rf6
30.e4 Bc4 31.Be3 Be6 32.Qg3 Qxb2 33.Rec1 Rg6 34.Qf2 Qxf2+ 35.Bxf2 Bg5 36.Rd1 Bb3
37.Rd7 a4 38.Bc5 Re6 39.Rf1 Bf6 40.Bd4 Be7 41.e5 c5 42.Rxe7 Rxe7 43.Bxc5 Rxe5
44.Bb4 Rd8 45.Kf2  0-1

[Event "Foxwoods Open"]
[Site "Connecticut USA"]
[Date "2000.04.22"]
[Round "4"]
[White "Benjamin,Joe"]
[Black "Kreiman,B"]
[Result "1/2-1/2"]
[WhiteElo "2591"]
[BlackElo "2515"]

1.e4 c5 2.Nf3 d6 3.d4 cxd4 4.Nxd4 Nf6 5.Nc3 Nc6 6.Bc4 e6 7.Bb3 Be7 8.Be3 O-O
9.O-O Bd7 10.f4 Nxd4 11.Bxd4 Bc6 12.Qe1 b5 13.Rd1 Qc7 14.e5 dxe5 15.Bxe5 Qb6+
16.Kh1 Ng4 17.Bd4 Bc5 18.Ne2 Rad8 19.c3 Ne3 20.Bxe3 Bxe3 21.Rxd8 Qxd8 22.Ng3 Qd2
23.Qxd2 Bxd2 24.f5 e5  1/2-1/2

[Event "Foxwoods Open"]
[Site "Connecticut USA"]
[Date "2000.04.23"]
[Round "7"]
[White "Shabalov,A"]
[Black "Benjamin,Joe"]
[Result "1-0"]
[WhiteElo "2592"]
[BlackElo "2591"]

1.e4 g6 2.d4 d6 3.Nc3 Bg7 4.Be3 a6 5.Qd2 b5 6.f3 Nd7 7.g4 Bb7 8.Nge2 c5 9.h4 h6
10.O-O-O b4 11.Nd5 Bxd5 12.exd5 Qa5 13.Kb1 Nb6 14.Nf4 Nf6 15.dxc5 Na4 16.cxd6 Nxb2
17.Bd4 Nxd1 18.Qxd1 exd6 19.Bc4 Kf8 20.Qd3 Re8 21.Rd1 Re7 22.h5 g5 23.Qf5 gxf4
24.Bxf6 Qc7 25.Qxf4 Rg8 26.Bxa6 Qc5 27.Bxe7+ Kxe7 28.Re1+ Kf8 29.Bb5 Be5
30.Qxh6+ Rg7 31.f4 Qc3 32.Qxd6+  1-0

[Event "New York Open"]
[Site "New York USA"]
[Date "2000.05.05"]
[Round "1"]
[White "Saint Amand,P"]
[Black "Benjamin,Joe"]
[Result "0-1"]
[WhiteElo "2211"]
[BlackElo "2591"]

1.e4 g6 2.d4 Bg7 3.Nc3 d6 4.f4 Nc6 5.Be3 Nf6 6.Be2 e6 7.Nf3 O-O 8.h3 Ne7
9.O-O b6 10.Qd2 Bb7 11.Bd3 c5 12.dxc5 bxc5 13.e5 Nfd5 14.Nxd5 Nxd5 15.Rad1 Qb6
16.exd6 Bxb2 17.Bc4 Rad8 18.Bxd5 exd5 19.Rb1 d4 20.Bf2 Bxf3 21.gxf3 Rxd6
22.Qd3 Qb4 23.Rfe1 Rb6 24.f5 Qc3 25.Qe4 Qd2 26.Qe7 Qxc2 27.Bh4 d3 28.Qxa7 Bd4+
29.Kh1 Rxb1  0-1

[Event "New York Open"]
[Site "New York USA"]
[Date "2000.05.05"]
[Round "2"]
[White "Benjamin,Joe"]
[Black "Ritter,M"]
[Result "1/2-1/2"]
[WhiteElo "2591"]
[BlackElo "2415"]

1.e4 e5 2.Nf3 Nc6 3.Bc4 d6 4.d4 Bg4 5.c3 Qe7 6.d5 Nd8 7.h3 Bd7 8.Bd3 g6 9.c4 Bg7
10.Nc3 Nh6 11.g4 f6 12.Be3 O-O 13.Qd2 Ndf7 14.O-O-O Kh8 15.Rdg1 a6 16.Kb1 c5
17.dxc6 bxc6 18.c5 Be6 19.cxd6 Qxd6 20.Na4 Rfd8 21.Rd1 f5 22.gxf5 gxf5 23.Qc2 fxe4
24.Bxe4 Bd5 25.Nd2 Qf6 26.f3 Nd6 27.Rhg1 Qf7 28.Nc3 Nhf5 29.Bc5 Nd4 30.Bxd4 exd4
31.Nxd5 Nxe4 32.Nxe4 Rxd5 33.Qxc6 Rb8 34.Rd3 Rdb5 35.Rg2 R5b6 36.Qc1 Qd7
37.h4 Rc8 38.Rc2 Rxc2 39.Qxc2 Rc6 40.Qb3 h6 41.a3 Qh3 42.Ka2 Qxh4 43.Qd5 Rc8
44.Qb7 Rf8 45.Qxa6 Qh5 46.Nd2 Re8 47.Rb3 Qf7 48.Nc4 Re1 49.Nd6 Ra1+ 50.Kxa1 Qxb3
51.Qa8+ Kh7 52.Qe4+ Kg8 53.Qe8+ Kh7 54.Qe4+  1/2-1/2

[Event "New York Open"]
[Site "New York USA"]
[Date "2000.05.06"]
[Round "3"]
[White "Benjamin,Joe"]
[Black "Sarkar,J"]
[Result "0-1"]
[WhiteElo "2591"]
[BlackElo "2316"]

1.e4 e6 2.Nc3 d5 3.Nf3 Nf6 4.e5 Nfd7 5.d4 c5 6.dxc5 Nc6 7.Bf4 Bxc5 8.Bd3 f6
9.exf6 Nxf6 10.O-O O-O 11.Ne5 Bd7 12.Qe2 Qe7 13.Rae1 Rae8 14.a3 a6 15.Bg3 Bd4
16.Nd1 Nxe5 17.Bxe5 Bxe5 18.Qxe5 Bc6 19.Ne3 Nd7 20.Qg3 e5 21.c4 d4 22.Ng4 Qg5
23.h4 Qf4 24.Qxf4 Rxf4 25.f3 Nc5 26.Bc2 e4 27.b4 Na4 28.g3 Rxg4 29.fxg4 Nc3
30.Bb3 e3 31.b5 axb5 32.cxb5+ Bd5 33.Bxd5+ Nxd5 34.Rd1 e2 35.Rxd4 exf1=Q+
36.Kxf1 Nb6 37.Kf2 Ra8 38.Rd3 Nc4 39.a4 Nb6 40.a5 Rxa5 41.Rd8+ Kf7 42.Rb8 Ra7
43.Ke3 Nd7 44.Rd8 b6 45.g5 Nc5 46.Rd6 Re7+ 47.Kd4 Rd7 48.Rxd7+ Nxd7 49.Kd5 Nc5
50.Kd6 Na4 51.g4 Nc3 52.Kc6 Ke6 53.Kxb6 Ke5  0-1

[Event "New York Open"]
[Site "New York USA"]
[Date "2000.05.08"]
[Round "6"]
[White "Benjamin,Joe"]
[Black "Thorhallsson,T"]
[Result "1-0"]
[WhiteElo "2591"]
[BlackElo "2489"]

1.e4 c5 2.Nf3 d6 3.Bc4 Nc6 4.c3 Nf6 5.d3 e6 6.Nbd2 Be7 7.O-O O-O 8.Re1 b6
9.d4 cxd4 10.cxd4 Bb7 11.Bd3 Rc8 12.a3 e5 13.d5 Nb8 14.Nf1 Ba6 15.Bxa6 Nxa6
16.b4 Nb8 17.Ng3 g6 18.Bh6 Re8 19.Qd3 Qd7 20.Ne2 Qa4 21.Rec1 Qd7 22.h3 Qb7
23.Nd2 Nfd7 24.Be3 Rxc1+ 25.Rxc1 Rc8 26.Rxc8+ Qxc8 27.Nc3 a6 28.a4 Bd8 29.Qc4 Qxc4
30.Nxc4 Bc7 31.Kf1 Kf8 32.Ke2 Ke7 33.Kd3 Kd8 34.g3 f6 35.f4 Ke7 36.Nb1 a5
37.b5 Kf7 38.Ke2 Kg7 39.fxe5 fxe5 40.Nbd2 h6 41.Kd3 Kf6 42.Nf3 Kg7 43.Nh2 Kh7
44.h4 Kg7 45.Ng4 g5 46.hxg5 hxg5 47.Nh2 Kf6 48.Nf3 Nc5+ 49.Bxc5 bxc5 50.Nfd2 Nd7
51.Nb3 Nb6 52.Nxb6 Bxb6 53.Nd2 Ke7 54.Nc4 Bd8 55.b6 Kd7 56.g4 Be7 57.b7  1-0

[Event "New York Open"]
[Site "New York USA"]
[Date "2000.05.10"]
[Round "8"]
[White "Stripunsky,A"]
[Black "Benjamin,Joe"]
[Result "1-0"]
[WhiteElo "2512"]
[BlackElo "2591"]

1.e4 e5 2.Nf3 Nc6 3.Bb5 Nge7 4.d4 exd4 5.Nxd4 Nxd4 6.Qxd4 Nc6 7.Qe3 Be7 8.O-O O-O
9.Nc3 d6 10.Nd5 Be6 11.Qc3 Bxd5 12.exd5 Bf6 13.Qh3 Ne5 14.f4 Ng6 15.Kh1 c6
16.dxc6 Qb6 17.Bd3 Qxc6 18.a4 Rfe8 19.a5 Re7 20.a6 Rae8 21.Bd2 b6 22.Qh5 Bxb2
23.Ra2 Bf6 24.Bb5 Qe4 25.Bxe8 Nh4 26.Rg1 Rxe8 27.Qb5 h6 28.Ra4 Qe2 29.Qd5 g6
30.Rc4 Nf5 31.Rc7 Ng3+ 32.hxg3 Re6  1-0

[Event "New York Open"]
[Site "New York USA"]
[Date "2000.05.10"]
[Round "8"]
[White "Benjamin,Joe"]
[Black "Khenkin,I"]
[Result "0-1"]
[WhiteElo "2591"]
[BlackElo "2622"]

1.e4 c6 2.d4 d5 3.e5 Bf5 4.Nf3 e6 5.a3 Nd7 6.Nbd2 f6 7.Nb3 Qc7 8.Bf4 O-O-O
9.Bg3 fxe5 10.Nxe5 Nxe5 11.Bxe5 Bd6 12.f4 Nf6 13.Be2 Ne4 14.O-O Rhg8 15.Bxd6 Qxd6
16.Nd2 c5 17.c3 Qb6 18.Nxe4 dxe4 19.Qc1 cxd4 20.cxd4+ Kb8 21.Kh1 Qxd4 22.Qc3 Qxc3
23.bxc3 Rd2 24.Rae1 Rc8 25.c4 Rc5 26.g4 Bg6 27.Rg1 Ra5 28.Rg3 Ra2 29.Bf1 R5xa3
30.Rge3 a5 31.Kg1 a4 32.h4 h5 33.gxh5 Bf5 34.c5 Kc7 35.Bc4 Ra1 36.Rxa3 Rxa3
37.Kg2 Rc3 38.Bb5 a3  0-1

[Event "World Open"]
[Site "Philadelphia USA"]
[Date "2000.07.01"]
[Round "4"]
[White "Benjamin,Joe"]
[Black "Figler,I"]
[Result "1-0"]
[WhiteElo "2591"]
[BlackElo "2401"]

1.e4 e6 2.Qe2 c5 3.Nf3 Nc6 4.g3 Nf6 5.Bg2 Be7 6.O-O O-O 7.d3 d6 8.c3 Rb8
9.Rd1 b5 10.d4 cxd4 11.Nxd4 Nxd4 12.cxd4 b4 13.Be3 Qa5 14.Nd2 Ba6 15.Qe1 Ng4
16.Bf4 e5 17.Nb3 Qb6 18.Bc1 exd4 19.Nxd4 Bf6 20.Nf5 Rbd8 21.h3 Ne5 22.Be3 Qb8
23.Bd4 Rfe8 24.Qe3 d5 25.Bxa7 Qa8 26.Bd4 Bb7 27.f4 Nc4 28.Qf2 dxe4 29.Bxf6 e3
30.Qe2 Rd2 31.Rxd2 exd2 32.Qg4 Re1+ 33.Kh2 g6 34.Nh6+ Kf8 35.Qd7 Bd5 36.Bxd5 Qe8
37.Qxe8+ Kxe8 38.Bxf7+ Kd7 39.Bxc4 Rxa1 40.Bb3 d1=Q 41.Bxd1 Rxd1 42.h4 Ke6
43.Be5 Ra1 44.Ng4 Rxa2 45.Ne3 b3 46.Nc4 Ra7 47.Nd2 Rb7 48.Kg2 h5 49.Kf3 Kf5
50.Nc4 Ra7 51.Nd6+ Ke6 52.Nb5 Rb7 53.Nc7+ Kf5 54.Ne8 Ke6 55.g4 hxg4+ 56.Kxg4 Rh7
57.Nc7+ Kf7 58.Na6  1-0

[Event "Canadian Open"]
[Site "Edmondton CAN"]
[Date "2000.07.09"]
[Round "3"]
[White "Benjamin,Joe"]
[Black "Schmitz,A"]
[Result "1/2-1/2"]
[WhiteElo "2577"]
[BlackElo "2140"]

1.e4 e6 2.d3 d5 3.Qe2 dxe4 4.dxe4 e5 5.Nf3 Nc6 6.c3 Nf6 7.Qc2 Bg4 8.Nbd2 Bd6
9.h3 Bh5 10.Nh4 Qd7 11.Nc4 Be7 12.Nf5 O-O-O 13.Bg5 h6 14.Bxf6 Bxf6 15.Be2 Bxe2
16.Qxe2 Qd3 17.Qxd3 Rxd3 18.Ke2 Rhd8 19.a4 Ne7 20.Nfe3 Bg5 21.Rhd1 Rxd1 22.Nxd1 Ng6
23.g3 h5 24.h4 Bh6 25.b4 f6 26.Ndb2 Nf8 27.Nd3 Ne6 28.b5 g5 29.hxg5 Nxg5
30.f3 Nxf3 31.Rf1 f5 32.Nc5 Nd2 33.Nxd2 Rxd2+ 34.Ke1 b6 35.Ne6 fxe4 36.Rf6 Be3
37.Rf7 Rd6 38.Rxc7+ Kb8 39.Re7 Bd2+ 40.Ke2 Bxc3 41.Ke3 Be1 42.Kxe4 Bxg3 43.Kf5 h4
44.Kf6 h3 45.Re8+ Kb7 46.Re7+  1/2-1/2

[Event "Canadian Open"]
[Site "Edmondton CAN"]
[Date "2000.07.11"]
[Round "5"]
[White "Benjamin,Joe"]
[Black "Haessel,D"]
[Result "1-0"]
[WhiteElo "2577"]
[BlackElo "2172"]

1.e4 c5 2.Nf3 d6 3.Bc4 e6 4.O-O Nf6 5.Re1 Be7 6.c3 O-O 7.Bb3 b5 8.d4 cxd4
9.cxd4 Bb7 10.Nbd2 Nbd7 11.Bc2 e5 12.Nf1 Re8 13.Ng3 Bf8 14.d5 a5 15.Bg5 h6
16.Be3 Nc5 17.h3 Qd7 18.Nh2 Be7 19.Nf5 Rec8 20.f4 Kh7 21.Qf3 Ne8 22.fxe5 dxe5
23.Ng4 Bd6 24.Nxd6 Nxd6 25.Nxe5 Qe7 26.Nc6 Bxc6 27.e5+  1-0

[Event "Canadian Open"]
[Site "Edmondton CAN"]
[Date "2000.07.13"]
[Round "7"]
[White "Benjamin,Joe"]
[Black "Lipnowski,I"]
[Result "1-0"]
[WhiteElo "2577"]
[BlackElo "2309"]

1.e4 c5 2.Nf3 e6 3.c3 Nf6 4.e5 Nd5 5.d4 cxd4 6.cxd4 d6 7.Bc4 Nb6 8.Bd3 Nc6
9.exd6 Bxd6 10.Nc3 Be7 11.O-O Nd5 12.Qe2 Nf6 13.Bg5 O-O 14.Rad1 Nb4 15.Bb1 Nbd5
16.Rfe1 g6 17.Ne5 Bd7 18.Bh6 Re8 19.Rd3 Bf8 20.Qd2 Bc6 21.Rh3 Bxh6 22.Qxh6 Qe7
23.Ng4 Nxc3 24.bxc3 Bd5 25.c4 Bxc4 26.Bxg6 fxg6 27.Nxf6+ Qxf6 28.Qxh7+ Kf8
29.Rf3 Qxf3 30.gxf3 Bd5 31.Rc1 Rac8 32.Rxc8  1-0

[Event "Canadian Open"]
[Site "Edmondton CAN"]
[Date "2000.07.14"]
[Round "8"]
[White "Rowson,J"]
[Black "Benjamin,Joe"]
[Result "1/2-1/2"]
[WhiteElo "2494"]
[BlackElo "2577"]

1.e4 e5 2.Nf3 Nc6 3.Bb5 a6 4.Ba4 Nf6 5.O-O Bc5 6.c3 b5 7.Bc2 d5 8.d4 dxe4
9.dxc5 Qxd1 10.Bxd1 exf3 11.Bxf3 Bb7 12.b4 e4 13.Be2 O-O 14.a4 bxa4 15.Rd1 Ne5
16.Bf4 Rfe8 17.c4 Re7 18.Nc3 Rae8 19.Be3 Rd7 20.Rxd7 Nexd7 21.b5 c6 22.Rxa4 Nb8
23.Ra1 Nfd7 24.Rd1 f5 25.Na4 Ne5 26.Nc3 Nbd7 27.h3 Rc8 28.b6 Re8 29.Rd6 Nf8
30.g4 Nf7 31.Rd1 g6 32.Nd5 Nd7 33.gxf5 gxf5 34.Nc7 Re7 35.Ra1 Nfe5 36.Nxa6 Nd3
37.Bxd3 exd3 38.Nb4 Ne5 39.Kf1 Rd7 40.Rd1 Kf7 41.Bf4 Nxc4 42.Rxd3 Rxd3 43.Nxd3 Ke6
44.Nb4 Ne5 45.Bxe5 Kxe5 46.Ke2 Kd4 47.Nd3 Bc8 48.f4 Ba6 49.Kd2 Bb7 50.h4 Bc8
51.Ke2 Ke4 52.Kd2 Kd4 53.h5 h6 54.Kc2  1/2-1/2

[Event "Canadian Open"]
[Site "Edmondton CAN"]
[Date "2000.07.15"]
[Round "9"]
[White "Benjamin,Joe"]
[Black "Yoos,J"]
[Result "1-0"]
[WhiteElo "2577"]
[BlackElo "2373"]

1.e4 c5 2.Nf3 e6 3.d3 Nc6 4.g3 g6 5.d4 cxd4 6.Nxd4 a6 7.Nxc6 bxc6 8.Bg2 Bg7
9.O-O Bb7 10.Qd6 Qb8 11.Qa3 Ne7 12.Rd1 d5 13.Be3 Qc7 14.Bc5 Rd8 15.Nc3 f6
16.Na4 Nc8 17.Bb4 Bf8 18.Bxf8 Rxf8 19.Nc5 Kf7 20.Re1 Rfe8 21.Nxa6 Bxa6 22.Qxa6 Nd6
23.Qe2 Nc4 24.b3 Na3 25.Rad1 Nb5 26.Rd3 d4 27.e5 f5 28.Qf3 Qa5 29.Ra1 c5
30.Qf4 Nc3 31.Qd2 Qa3 32.Bc6 Rf8 33.h4 Kg7 34.h5 f4 35.gxf4 Rf5 36.Rxc3 Rc8
37.Be4 Qb2 38.Rd1 Qxc3 39.Qxc3 dxc3 40.Bxf5 gxf5 41.Rd3 Kh6 42.Rxc3 Kxh5
43.Kg2  1-0

[Event "World Open"]
[Site "Philadelphia USA"]
[Date "2000.07.30"]
[Round "3"]
[White "Furdzik,R"]
[Black "Benjamin,Joe"]
[Result "0-1"]
[WhiteElo "2188"]
[BlackElo "2591"]

1.e4 c5 2.d3 Nc6 3.g3 g6 4.Bg2 Bg7 5.f4 d6 6.Nh3 e6 7.Nf2 Nge7 8.O-O O-O
9.Nd2 Rb8 10.a4 b6 11.Nf3 Qd7 12.g4 f5 13.gxf5 exf5 14.c3 Bb7 15.Qb3+ Kh8
16.Ng5 Nd8 17.Bd2 h6 18.Nf3 Ne6 19.Rae1 fxe4 20.Bh3 Bd5 21.c4 exf3 22.cxd5 Nd4
23.Bxd7 Nxb3 24.Bc3 Nf5 25.Bxg7+ Kxg7 26.Nh3 Nfd4 27.Kf2 Rb7 28.Be6 Re7 29.Re4 Nxe6
30.dxe6 Nd4 31.Rfe1 Rf6 32.Ng1 Nc2 33.Rc1 Nb4 34.Rd1 d5 35.Re3 Rxf4 36.Nxf3 Rf6
37.Kg3 Rfxe6 38.Rxe6 Rxe6 39.Kf2 d4 40.Rd2 Re3 41.Ne1 g5 42.a5 Kg6 43.axb6 axb6
44.Re2 Rxe2+ 45.Kxe2 Kf5 46.Kf3 g4+ 47.Kg3 Kg5 48.b3 h5 49.Kf2 h4  0-1

[Event "New York State Ch"]
[Site "Saratoga Springs NY USA"]
[Date "2000.09.01"]
[Round "1"]
[White "Benjamin,Joe"]
[Black "Ross,Ph"]
[Result "1-0"]
[WhiteElo "2577"]
[BlackElo "2107"]

1.e4 c5 2.Nf3 g6 3.c3 Bg7 4.d4 cxd4 5.cxd4 d5 6.exd5 Nf6 7.Bb5+ Bd7 8.Bc4 O-O
9.Nc3 Bg4 10.Be3 Nbd7 11.h3 Nb6 12.Bb3 Bf5 13.O-O Nfxd5 14.Bg5 Rc8 15.Rc1 Qd6
16.Re1 Rfe8 17.Qd2 Nxc3 18.Rxc3 Rxc3 19.bxc3 Qc7 20.Bf4 Qc8 21.Ne5 Be6 22.d5 Rd8
23.c4 Bxe5 24.Bxe5 Nxc4 25.Qh6 Nxe5 26.Rxe5 Bf5 27.Rxe7 Re8 28.d6 Rxe7 29.dxe7 Qe8
30.Qe3 Bd7 31.Qc5 Bc6 32.Qd6 Kg7 33.Qd4+ Kg8 34.Qd8 Kg7 35.Qd4+ Kg8 36.Qf6 Ba4
37.Bxa4  1-0

[Event "New York State Ch"]
[Site "Saratoga Springs NY USA"]
[Date "2000.09.03"]
[Round "3"]
[White "Benjamin,Joe"]
[Black "Tapaszto,L"]
[Result "1/2-1/2"]
[WhiteElo "2577"]
[BlackElo "2240"]

1.e4 c5 2.Nf3 Nc6 3.Bb5 g6 4.O-O Bg7 5.Re1 Nh6 6.c3 a6 7.Bc4 b5 8.Bd5 Bb7
9.d4 cxd4 10.cxd4 e6 11.Bb3 Na5 12.Bc2 O-O 13.Nc3 Rc8 14.a3 Qc7 15.e5 f6
16.exf6 Rxf6 17.Be4 d5 18.Bd3 Rcf8 19.Ng5 Bc8 20.Be3 Nc4 21.Bxc4 bxc4 22.Qe2 Rf5
23.Rad1 Qe7 24.f4 Qd6 25.g3 R5f6 26.Nf3 Nf5 27.Bf2 R8f7 28.Rd2 Rb7 29.Ne5 Ne7
30.Na4 Nc6 31.Nc5  1/2-1/2

[Event "New York State Ch"]
[Site "Saratoga Springs NY USA"]
[Date "2000.09.04"]
[Round "6"]
[White "Edelman,D"]
[Black "Benjamin,Joe"]
[Result "1/2-1/2"]
[WhiteElo "2374"]
[BlackElo "2577"]

1.e4 g6 2.d4 Bg7 3.Nc3 d6 4.f4 Nc6 5.Be3 Nf6 6.h3 e6 7.Nf3 O-O 8.Bd3 Nb4
9.Be2 b6 10.a3 Nc6 11.g4 Ne7 12.e5 Nfd5 13.Nxd5 Nxd5 14.Qd2 f6  1/2-1/2

[Event "Gp A"]
[Site "Cap d'Agde FRA"]
[Date "2000.10.29"]
[Round "1"]
[White "Benjamin,Joe"]
[Black "Bologan,V"]
[Result "1-0"]
[WhiteElo "2577"]
[BlackElo "2641"]

1.e4 e5 2.Nf3 Nc6 3.Bb5 a6 4.Ba4 Nf6 5.O-O Be7 6.Re1 b5 7.Bb3 d6 8.c3 O-O
9.h3 Na5 10.Bc2 c5 11.d3 Nd7 12.Nbd2 Nb6 13.Nf1 Nc6 14.Ng3 Re8 15.Nh2 Bg5
16.Qf3 Be6 17.Bxg5 Qxg5 18.Nf5 Bxf5 19.exf5 Ne7 20.d4 cxd4 21.cxd4 Rac8 22.dxe5 dxe5
23.Bd3 Nc6 24.Rad1 h5 25.Qe4 Na4 26.Rc1 Nd4 27.Rxc8 Rxc8 28.Qxe5 Qd2 29.Bb1 Nxb2
30.Nf1 Qc3 31.Qe4 Nc4 32.Rd1 Nc6 33.f6 g6 34.Ng3 Qxf6 35.a4 Nb2 36.Rd7 Ne5
37.Rd5 Rc1+ 38.Nf1 Nxa4 39.Rxe5 Nc3 40.Qe3 Rxb1 41.Qxc3 Kg7 42.f4 a5 43.Qf3 a4
44.Kh2 a3 45.Re2 Rb4 46.Qxa3 Qxf4+ 47.Kg1 Qd4+ 48.Rf2 Ra4 49.Qf3 Ra7 50.Ng3 b4
51.Ne2 Ra1+ 52.Kh2 Qe5+ 53.g3 Ra7 54.h4 Rc7 55.Nf4 Rc3 56.Nxh5+ gxh5 57.Qxf7+ Kh8
58.Qf8+ Kh7 59.Rf7+ Kg6 60.Qg8+  1-0

[Event "Gp A"]
[Site "Cap d'Agde FRA"]
[Date "2000.10.29"]
[Round "2"]
[White "Tregubov,P"]
[Black "Benjamin,Joe"]
[Result "1-0"]
[WhiteElo "2620"]
[BlackElo "2577"]

1.d4 d6 2.Nf3 Nf6 3.c4 g6 4.g3 Bg7 5.Bg2 O-O 6.O-O c6 7.Nc3 Bf5 8.Ne1 Be6
9.d5 cxd5 10.cxd5 Bd7 11.Nd3 Na6 12.h3 Qa5 13.a3 Rfc8 14.e4 Be8 15.Bd2 Qd8
16.b4 Nd7 17.Qb3 Nb6 18.Nb2 Rc7 19.Rfc1 Rac8 20.Bf1 Nb8 21.a4 N6d7 22.Nb5 Rxc1
23.Rxc1 Rxc1 24.Bxc1 a5 25.Nd3 axb4 26.Qxb4 Na6 27.Qc4 Nb6 28.Qc2 Bd7 29.Be3 Qc8
30.Qxc8+ Nxc8 31.f4 e6 32.dxe6 Bxe6 33.e5 dxe5 34.Nxe5 Ne7 35.Nd6 Bd5 36.Bg2 Bxg2
37.Kxg2 Nd5 38.Bd4 Bxe5 39.fxe5 b6 40.Kf3 Nac7 41.Ke4 Kf8 42.Nc4 Ke7 43.Nxb6 Ke6
44.Nxd5 Nxd5 45.a5 Nb4 46.g4 Na6 47.g5 Nb4 48.Bc5 Na6 49.Bd6 Kd7 50.Kd5  1-0